|
|
|
|
| LEADER |
00000nam a22000007a 4500 |
| 005 |
20171205175521.0 |
| 007 |
cr|||| |||| |
| 008 |
171205s2009 mx |||||s|||| 00||0 spa d |
| 020 |
|
|
|a 978-607-401-206-4
|
| 035 |
|
|
|a 20795
|
| 040 |
|
|
|a vLex
|
| 090 |
|
|
|c 7267
|d 7267
|
| 100 |
1 |
|
|a Enrq̕uez Přez, Isaac
|
| 245 |
1 |
3 |
|a La construccin̤ social de las teora̕s del desarrollo
|h [Recurso electrn̤ico] /
|c Isaac Enrq̕uez Přez
|
| 256 |
|
|
|a Servicio en ln̕ea
|
| 260 |
|
|
|a Ciudad de Mx̌ico:
|b Cm̀ara de Diputados,
|c 2009
|
| 300 |
|
|
|a 1 recurso electrn̤ico (182p.)
|
| 500 |
|
|
|a Un estudio histr̤ico/crt̕ico para incidir en el diseǫ de las polt̕icas pb︢licas.
|
| 506 |
1 |
|
|a Disponible solo en los productos indicados
|d vLex Global
|d vLex Global (Academic Edition, excluding Law Schools)
|d vLex Global (U.S. Academic Edition, Law Schools)
|d vLex Global (U.S. Academic Edition, excluding Law Schools)
|d vLex Global (Academic Edition, Law Schools)
|
| 650 |
0 |
4 |
|a Derecho Pb︢lico
|z Mx̌ico
|
| 650 |
0 |
4 |
|a Derecho Administrativo
|z Mx̌ico
|
| 740 |
0 |
|
|a vLex Libros (Servicio en ln̕ea)
|
| 856 |
4 |
0 |
|u http://vlex.com/source/construccion-social-teorias-desarrollo-20795
|z Acceso restringido
|
| 942 |
|
|
|c BOOK
|
| 999 |
0 |
|
|a Public law
|
| 999 |
0 |
|
|a Administrative law
|